LEADER 03101nas 2200757-a 450 001 9910144355603321 005 20260218113042.0 011 $a1564-4278 024 7 $a10.18356_2702b8d0-en 035 $a(DE-599)ZDB2072347-7 035 $a(CKB)991042729534510 035 $a(CONSER)---87918701- 035 $a()2702b8d0-en 035 $a(NNUN)15644278 035 $a(DE-599)2072347-7 035 $a(EXLCZ)99991042729534510 100 $a19870309b19862017 -f- a 101 0 $aeng 135 $aur||||||||n|| 181 $ctxt$2rdacontent 182 $cc$2rdamedia 183 $acr$2rdacarrier 200 00$aAsia-Pacific Population Journal 210 $a[Bangkok] $c[Population Division of the United Nations Economic and Social Commission for Asia and the Pacific]$d[1986]-2017 215 $a1 online resource 300 $aRefereed/Peer-reviewed 300 $aTitle from cover. 311 08$aPrint version: Asia-Pacific population journal / 0259-238X (DLC) 87918701 (OCoLC)15288841 330 3 $aFor over two decades, the Asia-Pacific Population Journal (APPJ) has been taking the pulse of population and social issues unfolding in the region. Published by the United Nations Economic and Social Commission for Asia and the Pacific (ESCAP), APPJ brings out high quality, evidence-based and forward-looking articles relevant for population policies and programmes in Asia and the Pacific. Prominent population experts, award-winning demographers, as well as lesser known researchers have been contributing articles, documenting over the years the evolution of thinking in this important sphere. 531 $aASIA PAC POPUL J 531 0 $aAsia-Pac. popul. j. 606 $aBirth control$zAsia$vPeriodicals 606 $aBirth control$zPacific Area$vPeriodicals 606 $aBirth control$2fast$3(OCoLC)fst00833148 606 $aPopulation$2fast$3(OCoLC)fst01071476 606 $aBevölkerung$2stw 606 $aAsiatisch-pazifischer Raum$2stw 606 $aDemography 606 $aPopulation Control 606 $aPopulation Dynamics 607 $aAsia$xPopulation$vPeriodicals 607 $aPacific Area$xPopulation$vPeriodicals 607 $aAsia$2fast$1https://id.oclc.org/worldcat/entity/E39PBJxMpyjKQ9Jtm3jkjPBgKd 607 $aPacific Area$2fast 607 $aAsia 608 $aPeriodicals.$2fast 608 $aPeriodicals.$2lcgft 608 $aPeriodical. 615 0$aBirth control 615 0$aBirth control 615 7$aBirth control. 615 7$aPopulation. 615 7$aBevölkerung. 615 7$aAsiatisch-pazifischer Raum. 615 2$aDemography. 615 2$aPopulation Control. 615 2$aPopulation Dynamics. 676 $a304.6/095 712 02$aUnited Nations.$bEconomic and Social Commission for Asia and the Pacific.$bPopulation Division. 712 02$aUnited Nations Fund for Population Activities. 801 0$bNNUN 906 $aJOURNAL 912 $a9910144355603321 920 $aexl_impl conversion 996 $aAsia-Pacific population journal$92260401 997 $aUNINA